LEADER 01113nam0 22002771i 450 001 UON00064412 005 20231205102323.648 100 $a20020107d1938 |0itac50 ba 101 $aeng 102 $aUS 105 $a|||| 1|||| 200 1 $aˆA ‰Study of some early islamic textiles in the Museum of Fine Arts of Boston$fPence Britton 210 $aBoston$c[s.n.]$d1938 215 $a1 v.$d23 cm 606 $aARTE ISLAMICA$3UONC002304$2FI 620 $aUS$dBoston$3UONL000139 686 $aARA IX M$cPAESI ARABI - ARTI - COLLEZIONI$2A 700 1$aBRITTON$bPence$3UONV041279$0656677 712 02$aMuseum of Fine Arts$cBoston$3UONV017864 801 $aIT$bSOL$c20240220$gRICA 899 $aSIBA - SISTEMA BIBLIOTECARIO DI ATENEO$2UONSI 912 $aUON00064412 950 $aSIBA - SISTEMA BIBLIOTECARIO DI ATENEO$dSI ARA IX M 035 $eSI ARC308 7 035 966 $aARTE MUSULMANA$yARTE ISLAMICA$3UONC020702 996 $aStudy of some early islamic textiles in the Museum of Fine Arts of Boston$91171193 997 $aUNIOR